书目信息 |
| 题名: |
期货与期权教程
|
|
| 作者: | 李一智 主编 | |
| 分册: | ||
| 出版信息: | 北京 清华大学出版社 1999 |
|
| 页数: | 322页 | |
| 开本: | 25cm | |
| 丛书名: | ||
| 单 册: | ||
| 中图分类: | F830.9 | |
| 科图分类: | ||
| 主题词: | 金融 , 银行 | |
| 电子资源: | ||
| ISBN: | 7-302-32282-1 | |
| 000 | 00577nam0 2200217 45 | |
| 001 | 1735971434 | |
| 005 | 20170613104638.98 | |
| 010 | @a7-302-32282-1@dCNY35.00 | |
| 100 | @a20040429d1999 km y0chiy0120 ea | |
| 101 | 0 | @achi |
| 102 | @aCN@b110000 | |
| 200 | 1 | @a期货与期权教程@AQi Huo Yu Qi Quan Jiao Cheng@f李一智主编@FLi Yi Zhi Zhu Bian |
| 205 | @a5版 | |
| 210 | @a北京@c清华大学出版社@d1999 | |
| 215 | @a322页@d25cm | |
| 606 | 0 | @a金融 |
| 606 | 0 | @a银行 |
| 690 | @aF830.9@v3 | |
| 701 | 0 | @a李一智@ALi Yi Zhi@4主编 |
| 801 | 0 | @aCN@bPFT@c20040429 |
| 905 | @dF830.9@eL3191=5 | |
| 期货与期权教程/李一智主编.-5版.-北京:清华大学出版社,1999 |
| 322页;25cm |
| ISBN 7-302-32282-1:CNY35.00 |
| ● |
| 相关链接 |
|
|
|
正题名:期货与期权教程
索取号:F830.9/L3191=5
 
预约/预借
| 序号 | 登录号 | 条形码 | 馆藏地/架位号 | 状态 | 备注 |
| 1 | 1236436 | 212364369 | 社科二线422/422社科库 8排2列1层/ [索取号:F830.9/L3191=5] | 在馆 | |
| 2 | 1236723 | 212367231 | 社科库409/409社科库 52排4列1层/ [索取号:F830.9/L3191=5] | 在馆 |